Subdivision capitals closest to Valga (EE) - Statistics

General Stats
  • This quiz has been taken 12 times
  • The average score is 6 of 21
Answer Stats
Distance (km) Answer % Correct
17 112 Pärnu
67%
9 79 Tartu
67%
1 1 Valka
67%
19 128 Ādaži
33%
8 73 Alūksne
33%
6 69 Cēsis
33%
10 80 Gulbene
33%
15 110 Jõgeva
33%
14 103 Madona
33%
18 126 Paide
33%
5 68 Põlva
33%
20 137 Pskov
33%
3 45 Valmiera
33%
7 70 Viljandi
33%
4 58 Võru
33%
13 103 Balvi
0%
11 84 Limbaži
0%
16 112 Saulkrasti
0%
12 99 Sigulda
0%
2 40 Smiltene
0%
20 137 Varaklāni
0%
No matching quizzes found
Score Distribution
Percent of People with Each Score
Percentile by Number Answered
Your Score History
You have not taken this quiz